书目信息 |
| 题名: |
我国代表团出席联合国有关会议文件集
|
|
| 作者: | ||
| 分册: | ||
| 出版信息: | 北京 人民出版社 1978 |
|
| 页数: | 189页 | |
| 开本: | 20cm | |
| 丛书名: | ||
| 单 册: | ||
| 中图分类: | D820 , D813.3 | |
| 科图分类: | ||
| 主题词: | 中国对外政策--1978 , 国际关系 | |
| 电子资源: | ||
| ISBN: | ||
| 000 | 00711nam0 2200253 45 | |
| 001 | 0178005971 | |
| 005 | 20060813094044.92 | |
| 010 | @dCNY0.47 | |
| 091 | @a3001.1674 | |
| 100 | @a19950713d1978 kemy0chiy0121 ea | |
| 101 | 0 | @achi |
| 102 | @aCN@b110000 | |
| 105 | @ay z 100yy | |
| 200 | 10 | @a我国代表团出席联合国有关会议文件集@Awo guo dai biao tuan chuxi lian heguo you guan hui yi wen jian ji@e1978.1-6 |
| 210 | @a北京@c人民出版社@d1978 | |
| 215 | @a189页@d20cm | |
| 300 | @a国内发行 | |
| 601 | 12 | @a联合国大会@x文件@y中国@z1978 |
| 606 | @a中国对外政策@z1978 | |
| 606 | 0 | @a国际关系 |
| 690 | @aD820@v3 | |
| 690 | @aD813.3@v3 | |
| 801 | 0 | @aCN@bNLC@c20060813 |
| 905 | @f1@b4609@dD820@e38:(78.1-6) | |
| 我国代表团出席联合国有关会议文件集:1978.1-6.-北京:人民出版社,1978 |
| 189页;20cm |
| 国内发行 |
| ISBN :CNY0.47 |
| ● |
| 相关链接 |
|
|
|
|
正题名:我国代表团出席联合国有关会议文件集
索取号:D820/38:(78.1-6)
 
预约/预借
| 序号 | 登录号 | 条形码 | 馆藏地/架位号 | 状态 | 备注 |
| 1 | 0004609 | 001851794 | 密集书库/ [索取号:D820/38:(78.1-6)] | 在馆 | |
| 2 | 0440855 | 204408550 | 密集书库/ [索取号:D820/38:(78.1-6)] | 在馆 | |
| 3 | 0459182 | 204591824 | 密集书库/ [索取号:D820/38:(78.1-6)] | 在馆 |